Informe sobre l'organització dels serveis socials a la província de Barcelona / Àrea de Serveis Socials, Diputació de Barcelona
Descripción Física:
82 p. ; 30 cm
MARC
| LEADER | 00000nam a2200000Ia 4500 | ||
|---|---|---|---|
| 001 | 10890 | ||
| 008 | 160829s1995 xx 000 0 cat d | ||
| 080 | |a S-1-24 | ||
| 110 | |a Barcelona (Catalunya : Província). |b Àrea de Serveis Socials |9 53159 | ||
| 245 | |a Informe sobre l'organització dels serveis socials a la província de Barcelona / Àrea de Serveis Socials, Diputació de Barcelona | ||
| 260 | |a Barcelona : |b Servei de Serveis Socials, |c 1995 | ||
| 300 | |a 82 p. ; |c 30 cm | ||
| 650 | 0 | |a Serveis socials |x Barcelona (Catalunya : Província) |x Enquestes |9 23033 | |
| 901 | |a Arxiu | ||
| 942 | |n 1 | ||
| 952 | |0 0 |1 0 |4 0 |6 S124 |7 1 |9 42483 |a Arxiu |b Arxiu |d 2016-12-01 |l 0 |o S-1-24 |p 10890 |r 2016-12-01 00:00:00 |w 2016-12-01 |y ARXIU | ||
| 999 | |c 44988 |d 44988 | ||